00286nam a2200121Ia 4500008004100000041000800041082001700049100001100066245001800077260003300095300001900128999001700147241028s9999 xx 000 0 und d aeng a658.4092 GUN aGuntha aDigital First bWiley IndiaaNew Delhic2022 a284;. P. 22 cm c43019d43019